Clubs en phase de groupe de LDC 2023/2024 - Statistiques

Statistiques générales
  • Ce quiz a été pris 835 fois
  • Le résultat moyen est 23 sur 32
Statistiques - réponses
Groupe Club % Correct
Groupe F Paris Saint-Germain
98%
AC Milan
95%
Real Madrid CF
95%
Groupe A FC Bayern München
94%
Groupe G Manchester City
94%
Borussia Dortmund
93%
Groupe H FC Barcelona
92%
Arsenal FC
89%
Inter Milan
89%
RC Lens
89%
Manchester United
88%
Newcastle United FC
86%
Club Atlético de Madrid
82%
FC Porto
81%
Groupe C SSC Napoli
81%
Groupe B Sevilla FC
78%
PSV Eindhoven
76%
RB Leipzig
74%
Groupe D SL Benfica
74%
Galatasaray A.S.
70%
F.C. Copenhagen
66%
Real Sociedad de Fútbol
59%
S.S. Lazio
57%
1. FC Union Berlin
56%
FC Shakhtar Donetsk
53%
SC Braga
50%
Celtic FC
47%
BSC Young Boys
45%
Groupe E Feyenoord
45%
Royal Antwerp FC
43%
FK Crvena Zvezda
42%
FC Salzburg
35%
Aucun quiz correspondant
Distribution des résultats
% des personnes avec chaque résultat
Percentile par nombre de réponses
Votre historique - résultats
Vous n’avez pas pris ce quiz